Quick Pick: 1 Author, 2 Names Quiz Stats

 Plays Quiz Updated Jun 23, 2018

Score 0/10 Timer 01:00
2 Plays Today
% Correct
Theo LeSieg
63%
Richard Bachman
62.4%
Robert Galbraith
48.6%
Ellis Bell
42.9%
Mrs. Silence Dogood
40.2%
Clive Hamilton
40%
Mary Westmacott
39.9%
J.D. Robb
35.2%
Brian Coffey
22.5%
Edith Van Dyne
19.7%

Today's Daily Dose

You're not logged in!

Compare scores with friends on all Sporcle quizzes.
OR
Log In

Show Comments

Extras

Top Quizzes Today


Score Distribution

Your Account Isn't Verified!

In order to create a playlist on Sporcle, you need to verify the email address you used during registration. Go to your Sporcle Settings to finish the process.

Report this User

Report this user for behavior that violates our Community Guidelines.

Details: